[Event "De los Reyes op 21st"]
[Site "De los Reyes"]
[Date "2019.12.07"]
[Round "8"]
[White "Sanchez Sanz, Alejandro"]
[Black "Diaz del Prado, Carlos"]
[Result "1-0"]
[WhiteElo "1745"]
[BlackElo "1286"]
[PlyCount "25"]
[EventDate "2019.11.30"]
[EventType "swiss"]
[EventRounds "9"]
[EventCountry "ESP"]
[SourceTitle "CBM 193 Extra"]
[Source "ChessBase"]
[SourceDate "2020.01.31"]
[SourceVersion "1"]
[SourceVersionDate "2020.01.31"]
[SourceQuality "1"]

1. e4 e5 2. Nf3 Nf6 3. Nxe5 d6 4. Nf3 Nxe4 5. Nc3 Nxc3 6. dxc3 Be7 7. Bd3 Bg4 8. h3 Bd7 9. 0-0 0-0 10. Nd4 Nc6 11. Nf5 Bg5 12. Qg4 Bxf5 13. Qxf5 1-0

[Event "De los Reyes op 21st"]
[Site "De los Reyes"]
[Date "2019.12.04"]
[Round "5"]
[White "Garcia Minguez, Antonio"]
[Black "Sanchez Sanz, Alejandro"]
[Result "1-0"]
[WhiteElo "1542"]
[BlackElo "1745"]
[PlyCount "127"]
[EventDate "2019.11.30"]
[EventType "swiss"]
[EventRounds "9"]
[EventCountry "ESP"]
[SourceTitle "CBM 193 Extra"]
[Source "ChessBase"]
[SourceDate "2020.01.31"]
[SourceVersion "1"]
[SourceVersionDate "2020.01.31"]
[SourceQuality "1"]

1. d4 Nf6 2. Nf3 e6 3. c4 d5 4. e3 Nbd7 5. Nc3 b6 6. cxd5 exd5 7. Bd3 Bb7 8. 0-0 Ne4 9. Qc2 Ndf6 10. Nd2 Bd6 11. h3 Qe7 12. Ncxe4 dxe4 13. Bb5+ Nd7 14. Bc6 Bxc6 15. Qxc6 0-0 16. Qxe4 Qf6 17. Qf3 Qe6 18. Ne4 Be7 19. Bd2 f5 20. Nc3 Nf6 21. a3 Ne4 22. Nxe4 fxe4 23. Qe2 Rf6 24. Rac1 Rg6 25. Qc4 Bd6 26. Qxe6+ Rxe6 27. Bc3 c6 28. Rcd1 Rd8 29. b4 Bc7 30. Rb1 Rd5 31. a4 a6 32. Rb3 Re8 33. Rfb1 Ra8 34. b5 cxb5 35. axb5 a5 36. R3b2 Bd6 37. Rc2 a4 38. Ba1 Ra5 39. Rcb2 a3 40. Rb3 Ra4 41. Bc3 a2 42. Ra1 Kf7 43. f4 g6 44. g4 h5 45. Kg2 Kf6 46. g5+ Ke6 47. Kf2 Kf5 48. Ke2 Ke6 49. Kd2 Kf5 50. Kc2 Bxf4 51. exf4 Kxf4 52. Bd2+ Kf5 53. Be3 Ra5 54. Kb2 Rdxb5 55. Rxa2 Rxb3+ 56. Kxb3 Rb5+ 57. Kc2 Ke6 58. Rb2 Rxb2+ 59. Kxb2 Kd5 60. Kb3 b5 61. Kb4 Kc6 62. h4 Kd5 63. Kxb5 Kd6 64. Kc4 1-0